Convention on the law of the non-navigational uses of international watercourses (Record no. 103291)

MARC details
000 -LEADER
fixed length control field 01471cam a2200253 4500
001 - CONTROL NUMBER
control field J124837
008 - FIXED-LENGTH DATA ELEMENTS--GENERAL INFORMATION
fixed length control field 111205n1997 000 0 eng u
035 ## - SYSTEM CONTROL NUMBER
System control number (Sirsi) u124837
041 ## - LANGUAGE CODE
Language code of text/sound track or separate title eng
050 ## - LIBRARY OF CONGRESS CALL NUMBER
Classification number 341.442
-- 18
110 ## - MAIN ENTRY--CORPORATE NAME
Corporate name or jurisdiction name as entry element United Nations
9 (RLIN) 2749
245 ## - TITLE STATEMENT
Title Convention on the law of the non-navigational uses of international watercourses
260 ## - PUBLICATION, DISTRIBUTION, ETC.
Place of publication, distribution, etc. New York
Name of publisher, distributor, etc. United Nations General Assembly
Date of publication, distribution, etc. 1997
520 ## - SUMMARY, ETC.
Summary, etc. Water is predicted to become more scarce as the world's increasing population make greater demands of it. This will lead to increased competition for and conflicts over the freshwater resources of the world's most important drainage basins, such as Danube, the Ganges and others which are shared between more than one country. As part of its purpose to develop international law and its codification, the United Nations (UN) have adopted the "Convention on the law of the non-navigational uses of international watercourses". Sets out the basic rights and obligations of states.
650 ## - SUBJECT ADDED ENTRY--TOPICAL TERM
Topical term or geographic name entry element WATER MANAGEMENT
650 ## - SUBJECT ADDED ENTRY--TOPICAL TERM
Topical term or geographic name entry element WATER SUPPLY
650 ## - SUBJECT ADDED ENTRY--TOPICAL TERM
Topical term or geographic name entry element CONVENTION ON THE LAW OF THE NON-NAVIGATIONAL USES OF INTERNATIONAL WATERCOURSES 1997
650 ## - SUBJECT ADDED ENTRY--TOPICAL TERM
Topical term or geographic name entry element GROUNDWATER
650 ## - SUBJECT ADDED ENTRY--TOPICAL TERM
Topical term or geographic name entry element ENVIRONMENTAL MANAGEMENT
650 ## - SUBJECT ADDED ENTRY--TOPICAL TERM
Topical term or geographic name entry element WATER LAW
690 ## - LOCAL SUBJECT ADDED ENTRY--TOPICAL TERM (OCLC, RLIN)
Topical term or geographic name as entry element Environment
9 (RLIN) 6238
856 ## - ELECTRONIC LOCATION AND ACCESS
Uniform Resource Identifier <a href="https://untreaty.un.org/ilc/texts/instruments/english/conventions/8_3_1997.pdf">https://untreaty.un.org/ilc/texts/instruments/english/conventions/8_3_1997.pdf</a>
Public note View the Convention free of charge at http://untreaty.un.org
942 ## - ADDED ENTRY ELEMENTS (KOHA)
Suppress in OPAC 0
Holdings
Withdrawn status Lost status Source of classification or shelving scheme Damaged status Not for loan Home library Current library Shelving location Date acquired Total Checkouts Full call number Barcode Date last seen Copy number Price effective from Koha item type
    Dewey Decimal Classification     Virtual Virtual Online 13/01/2004   ONLINE PUBLICATION 124837-2001 06/08/2019 1 06/08/2019 Book